| 000 | 00673nam a2200217Ii 4500 | ||
|---|---|---|---|
| 001 | 8319 | ||
| 003 | CO-ViMGA | ||
| 008 | 241108s9999||||xx |||||||||||||| ||und|| | ||
| 020 | _a9589543715 | ||
| 040 |
_aCO-ViMGA _bspa _erda _cCO-ViMGA |
||
| 041 | 0 | _aspa | |
| 082 | 0 | 4 | _a574.5 I59a |
| 110 | 1 |
_aInstituto Colombiano para el desarrollo de la ciencia y la tecnologĂa, _952901 |
|
| 245 | 1 | 0 |
_aAmazonia colombiana : _bdiversidad y conflicto |
| 264 | 1 | _aBogotá, Colombia : Agora, 1992 | |
| 300 | _avolumen | ||
| 336 |
_atext _btxt _2rdacontent |
||
| 337 |
_aunmediated _bn _2rdamedia |
||
| 338 |
_avolume _bnc _2rdacarrier |
||
| 940 | _aidficha_siabuc: 8130. -- ficha_no_siabuc:8319 | ||
| 999 |
_c48022 _d48022 |
||